|
|
|
|
| LEADER |
01283nam a2200301 a 4500 |
| 001 |
15343511 |
| 003 |
BD-DhAAL |
| 008 |
091115s2009 caua b 001 0 eng d |
| 010 |
|
|
|a 2008028598
|
| 020 |
|
|
|a 9781412970112 (pbk.)
|
| 020 |
|
|
|a 1412970113 (pbk.)
|
| 040 |
|
|
|a DLC
|c DLC
|d C#P
|d BWX
|d CDX
|d DLC
|d BD-DhAAL
|
| 082 |
0 |
0 |
|a 808.0666
|2 22
|
| 100 |
1 |
|
|a Wolcott, Harry F.,
|d 1929-
|9 31327
|
| 245 |
1 |
0 |
|a Writing up qualitative research /
|c Harry F. Wolcott.
|
| 250 |
|
|
|a Third edition.
|
| 260 |
|
|
|a Los Angeles :
|b SAGE,
|c c2009.
|
| 300 |
|
|
|a xiii, 191 pages :
|b illustrations ;
|c 23 cm.
|
| 504 |
|
|
|a Includes bibliographical references (p. 173-186) and indexes.
|
| 526 |
|
|
|x Requisitioned by Faculties of BBS
Course name and no : N/A
|
| 541 |
1 |
|
|a Karim International
|e 00019590
|
| 650 |
|
0 |
|a Technical writing.
|9 31328
|
| 650 |
|
0 |
|a Ethnology
|x Authorship.
|9 31329
|
| 650 |
|
0 |
|a Educational anthropology
|x Authorship.
|9 31330
|
| 852 |
4 |
|
|a Ayesha Abed Library
|j General Shelf
|
| 942 |
|
|
|2 ddc
|c BK
|
| 999 |
|
|
|c 5526
|d 5526
|
| 952 |
|
|
|0 0
|1 0
|2 ddc
|4 0
|6 808_066600000000000_WOL
|7 0
|9 5401
|a BRACUL
|b BRACUL
|c GEN
|d 2009-11-14
|e Karim Interantional
|g 2094.00
|l 3
|m 30
|o 808.0666 WOL
|p 3010019590
|r 2025-06-03
|s 2025-04-06
|t 1
|w 2009-11-15
|y BK
|x Requisitioned by Faculties of BBS. Course name and no. "not available".
|